| 000 | 01402aam a2200349 i 4500 | ||
|---|---|---|---|
| 001 | 768714001 | ||
| 003 | CO-MdFUSB | ||
| 005 | 20250430093946.0 | ||
| 007 | ta | ||
| 008 | 250430t2007 sp |||| |||| 00| 0 spa d | ||
| 020 | _a978-84-96551-20-6 | ||
| 040 | _cCO-MdFUSB | ||
| 041 |
_aspa _heng |
||
| 082 | 0 | 4 |
_223 _a239 _bS8885p |
| 100 | 1 |
_aStott, John R. W. _eautor |
|
| 240 | _aWhy I am a Christian | ||
| 245 | 1 | 0 |
_aPor qué soy cristiano _c/ John Stott ; traducido por Dámaris Stunt |
| 250 | _aprimera edición | ||
| 264 | 1 |
_bAndamio, _aBarcelona, España : _c[2007] |
|
| 264 | 4 | _c©2007 | |
| 300 |
_a123 páginas _c; 21 cm |
||
| 336 |
_atexto _btxt _2rdacontent |
||
| 337 |
_2rdamedia _asin mediación _bn |
||
| 338 |
_2rdacarrier _avolumen _bnc |
||
| 501 | _aEn rústico | ||
| 505 | _aEl sabueso del cielo (Francis Thompson...) -- Las reivindicaciones de Jesús: cumplimiento, intimidad, autoridad -- La cruz de Cristo: Cristo murió para expiar nuestros pecados, revelar el carácter de Dios , vencer a los poderes del mal -- La paradoja de nuestra humanidad -- La llave a la libertad -- El cumplimiento de nuestras aspiraciones: la búsqueda de trascendencia, de significado y de comunidad -- La mayor de todas las invitaciones | ||
| 563 | _aRústico | ||
| 650 | 7 |
_aApologética _9187 |
|
| 700 |
_aStunt, Dámaris, _911335 _etraductor |
||
| 942 | _cBK | ||
| 945 | _aJTF-925 | ||
| 999 |
_c44447 _d44447 |
||